[Event "Let's Play Chess!"]
[Site "http://www.queenalice.com/game.php?id=187642"]
[Date "2007.3.25"]
[Round "-"]
[White "Guilherme_Mattos"]
[Black "Gota"]
[Result "1/2-1/2"]
[WhiteElo "1412"]
[BlackElo "1061"]

1. e4 e5 2. Qh5 g6 3. Qxe5+ Ne7 4. Qxh8 Nbc6 5. Bc4 Nb4 6. Qxh7 d5 7. exd5 Nexd5
8. Bxd5 Nxd5 9. Qg8 Nb4 10. b3 Nxc2+ 11. Kd1 Nxa1 12. Ba3 Qd5 13. Bxf8 Qxg2 14.
Nc3 Qxh1 15. Nb5 Qxg1+ 16. Ke2 Bg4+ 17. Ke3 Qe1+ 18. Kf4 Qe2 19. Bg7+ Ke7 20.
Qxa8 Qxb5 21. Bxa1 Qf5+ 22. Kg3 Qf3+ 23. Kh4 f5 24. Qxa7 Qxf2+ 25. Qxf2 b5 26.
a4 Bd1 27. Qf3 bxa4 28. bxa4 Bxa4 29. Qb7 Bd7 30. Qxc7 f4 31. Kg5 f3 32. Qc1 Bh3
33. Kh4 Bf5 34. Qd1 f2 35. d4 f1=Q 36. Qxf1 Kf6 37. Kg3 g5 38. d5+ Kg6 39. Qd1
g4 40. Qxg4+ Bxg4 41. Kxg4 Kf7 42. Be5 Ke7 43. d6+ Ke6 44. Kf4 Kd7 45. h4 Ke8
46. Kf5 Kf7 47. d7 Kg8 48. d8=Q+ Kf7 49. h5 1/2-1/2

[Event "Let's Play Chess!"]
[Site "http://www.queenalice.com/game.php?id=188230"]
[Date "2007.3.26"]
[Round "-"]
[White "Gota"]
[Black "Guilherme_Mattos"]
[Result "1/2-1/2"]
[WhiteElo "1065"]
[BlackElo "1403"]

1. e4 e5 2. Qh5 g6 3. Qxe5+ Ne7 4. Qxh8 Nbc6 5. Bc4 Nb4 6. Qxh7 d5 7. exd5 Nexd5
8. Bxd5 Nxd5 9. Qg8 Nb4 10. b3 Nxc2+ 11. Kd1 Nxa1 12. Ba3 Qd5 13. Bxf8 Qxg2 14.
Nc3 Qxh1 15. Nb1 Qg2 16. Nc3 Qh1 17. Nb5 Qxg1+ 18. Ke2 Bg4+ 19. Ke3 Qe1+ 20. Kf4
Qe2 21. Bg7+ Ke7 22. Qxa8 Qxb5 23. Bxa1 Qf5+ 24. Kg3 Qf3+ 25. Kh4 f5 26. Qxa7
Qxf2+ 27. Qxf2 b5 28. a4 Bd1 29. Qf3 bxa4 30. bxa4 Bxa4 31. Qb7 Bd7 32. Qxc7 f4
33. Kg5 f3 34. Qc1 Bh3 35. Kh4 Bf5 36. Qd1 f2 37. d4 f1=Q 38. Qxf1 Kf6 39. Kg3
g5 40. d5+ Kg6 41. Qd1 g4 42. Qxg4+ Bxg4 43. Kxg4 Kf7 44. Be5 Ke7 45. d6+ Ke6
46. Kf4 Kd7 47. h4 Ke8 48. Kf5 Kf7 49. d7 Kg8 50. d8=Q+ Kf7 51. h5 1/2-1/2

[Event "Guilherme_Mattos"]
[Site "http://www.queenalice.com/game.php?id=190021"]
[Date "2007.3.30"]
[Round "1"]
[White "Guilherme_Mattos"]
[Black "marcosbratz"]
[Result "0-1"]
[WhiteElo "1377"]
[BlackElo "1667"]

1. e4 e6 2. d4 d5 3. exd5 exd5 4. Qh5 Nf6 5. Qe5+ Be7 6. Bb5+ c6 7. Ba4 Nbd7 8.
Qg3 O-O 9. Bg5 Ne4 10. Bxe7 Qxe7 11. Qh3 Nb6 12. Qa3 Qf6 13. Nh3 Bxh3 14. gxh3
Qxf2+ 15. Kd1 Qxd4+ 16. Kc1 Nxa4 17. b3 Qxa1 18. Qxa4 Nc3 19. Qd4 Qxb1+ 20. Kd2
Qxh1 21. Qxc3 Qxh2+ 22. Kc1 Rae8 0-1

[Event "AUTO-INT-399"]
[Site "http://www.queenalice.com/game.php?id=190201"]
[Date "2007.3.31"]
[Round "1"]
[White "rxk"]
[Black "Guilherme_Mattos"]
[Result "1-0"]
[WhiteElo "1729"]
[BlackElo "1421"]

1. d4 e6 2. c4 d5 3. Nc3 dxc4 4. e4 e5 5. d5 Bb4 6. Qa4+ Nc6 7. dxc6 bxc6 8.
Qxb4 Qe7 9. Qxc4 Qe6 10. Qxe6+ Bxe6 11. Nf3 Bg4 12. Nxe5 Nf6 13. Nxc6 O-O 14. f3
Bh5 15. Be3 Rad8 16. Nxd8 Rxd8 17. Bc4 Kh8 18. O-O 1-0

[Event "AUTO-INT-399"]
[Site "http://www.queenalice.com/game.php?id=190202"]
[Date "2007.3.31"]
[Round "1"]
[White "Guilherme_Mattos"]
[Black "rxk"]
[Result "0-1"]
[WhiteElo "1444"]
[BlackElo "1708"]

1. e4 c5 2. Qh5 Nf6 3. Qe5 d6 4. Bb5+ Bd7 5. Qd5 Nxd5 6. exd5 Bxb5 7. Ne2 g6 8.
O-O Bxe2 9. Re1 Bg4 10. f3 Bf5 11. g4 Bxc2 12. d3 Bxd3 13. Nc3 c4 14. Nb5 Qb6+
15. Be3 Qxb5 0-1

[Event "AUTO-INT-399"]
[Site "http://www.queenalice.com/game.php?id=190217"]
[Date "2007.3.31"]
[Round "1"]
[White "schwam"]
[Black "Guilherme_Mattos"]
[Result "1-0"]
[WhiteElo "1640"]
[BlackElo "1439"]

1. e4 e5 2. Nf3 g5 3. d4 Bb4+ 4. Bd2 Bxd2+ 5. Qxd2 d6 6. Bb5+ Bd7 7. Bxd7+ Qxd7
8. Nxg5 exd4 9. Qxd4 Qb5 10. Qxh8 Kf8 11. Nxh7+ Ke7 12. Na3 Qb6 13. Nc4 Qb4+ 14.
Qc3 Qxc3+ 15. bxc3 b5 16. Ne3 Nc6 17. O-O d5 18. Nxd5+ Ke6 19. Nxc7+ Kd7 20.
Nxa8 1-0

[Event "AUTO-INT-399"]
[Site "http://www.queenalice.com/game.php?id=190218"]
[Date "2007.3.31"]
[Round "1"]
[White "Guilherme_Mattos"]
[Black "schwam"]
[Result "0-1"]
[WhiteElo "1428"]
[BlackElo "1664"]

1. e4 c6 2. d4 d5 3. exd5 cxd5 4. Qh5 Nf6 5. Bb5+ Bd7 6. Qe2 a6 7. Bxd7+ Qxd7 8.
Bg5 Nc6 9. Bxf6 gxf6 10. Nc3 Nxd4 11. Qd3 e5 12. O-O-O Bh6+ 13. Kb1 b5 14. Nf3
b4 15. Ne2 Nxe2 16. Qxe2 Rg8 17. Rd3 O-O-O 18. Nh4 Bg5 19. g3 Bxh4 20. gxh4 Qg4
21. Qxg4+ Rxg4 22. f3 Rg2 23. a4 bxa3 24. bxa3 d4 0-1

[Event "AUTO-INT-399"]
[Site "http://www.queenalice.com/game.php?id=190227"]
[Date "2007.3.31"]
[Round "1"]
[White "AAmorim"]
[Black "Guilherme_Mattos"]
[Result "1-0"]
[WhiteElo "1731"]
[BlackElo "1467"]

1. e4 e5 2. Nf3 g5 3. Nxg5 Qxg5 4. d4 Bb4+ 5. c3 Qh4 6. cxb4 Nf6 7. dxe5 Nxe4 8.
g3 Qf6 9. exf6 Nxf6 10. Qd4 Ke7 11. Bg5 Nc6 12. Qxf6+ 1-0

[Event "AUTO-INT-399"]
[Site "http://www.queenalice.com/game.php?id=190228"]
[Date "2007.3.31"]
[Round "1"]
[White "Guilherme_Mattos"]
[Black "AAmorim"]
[Result "0-1"]
[WhiteElo "1431"]
[BlackElo "1756"]

1. e4 c5 2. d4 cxd4 3. Qxd4 Nc6 4. Qa4 e5 5. Bc4 a6 6. Qb3 Nd4 7. Bg5 Qxg5 8.
Nf3 Nxf3+ 9. gxf3 b5 10. Bd5 Rb8 11. Bxf7+ Kd8 12. Bxg8 Qg2 13. Rf1 d6 14. Be6
Bxe6 15. Qxe6 Qxf3 16. Nd2 Qf6 17. Qxf6+ gxf6 18. Nf3 Kd7 19. Rd1 Rc8 20. a4
Rxc2 21. Rb1 bxa4 22. Kd1 Rc4 23. Nd2 Rd4 24. Re1 Bh6 25. Re2 Rb8 0-1

[Event "Challenge"]
[Site "http://www.queenalice.com/game.php?id=308081"]
[Date "2007.11.21"]
[Round "-"]
[White "Guiii"]
[Black "Guilherme_Mattos"]
[Result "1-0"]
[WhiteElo "1597"]
[BlackElo "1373"]

1. e4 e5 2. Qh5 Bb4 3. Qxe5+ Be7 4. Qxg7 Bb4 5. Qxh8 Qg5 6. Nf3 Qa5 7. Qxg8+ Ke7
8. Qxc8 Bxd2+ 9. Bxd2 Nc6 10. Qxa8 Nb4 11. Qxa7 Qc5 12. Bxb4 f5 13. Bxc5+ Kf7
14. Qxb7 Kg7 15. Qxc7 Kf7 16. Qxd7+ Kf6 17. Qxf5+ Kg7 18. Qxh7+ Kf6 19. Bd4+ Ke6
20. Bc4+ Kd6 21. e5+ Kc6 22. Qb7+ Kxb7 23. e6 Kb8 24. e7 Kc8 25. e8=Q+ Kc7 26.
O-O Kb7 27. Re1 Kc7 28. Re7+ Kd6 29. Be5+ Kc5 30. Nbd2 Kb6 31. Re1 Kc5 32. Re4
Kb6 33. Qb8+ Kc5 34. Bd4+ Kc6 35. R4e6# 1-0